| 000 | 00672cam a2200193 4500 | ||
|---|---|---|---|
| 001 | X120558 | ||
| 008 | 021125n2002 000 0 eng u | ||
| 035 | _a(Sirsi) u120559 | ||
| 245 | _aHardy v Sutherland (t/a David Sutherland Architects) and another | ||
| 260 | _c2002 | ||
| 490 |
_aConstruction Law Reports _v[2002] 83 Con LR 157-163(7) |
||
| 490 |
_aCourt of Appeal (Civil Division) _v[2001] EWCA Civ 976 |
||
| 520 | _aCA 13 June 2001. Order for costs. Effect of offers and payments into court on award of costs. | ||
| 650 | _aHARDY V SUTHERLAND | ||
| 650 | _aCOSTS | ||
| 650 | _aPART 36 OFFERS | ||
| 690 | _aBUILDING AND CONSTRUCTION-CASE LAW | ||
| 942 | _n0 | ||
| 999 |
_c71626 _d71626 |
||